Wszystkie kraje, które kiedykolwiek miały skoczków narciarskich - Statystyki

Ogólne statystyki
  • Ten quiz został rozwiązany 54 razy
  • Średni wynik to 32 z 39
Statystyki odpowiedzi
Odpowiedź % Poprawnych
Finlandia
98%
Niemcy
98%
Polska
98%
Rosja
98%
Ukraina
98%
Hiszpania
96%
Japonia
96%
Szwecja
96%
USA
96%
Chiny
93%
Norwegia
93%
Włochy
93%
Austria
91%
Estonia
91%
Kanada
91%
Słowacja
91%
Szwajcaria
89%
Czechy
85%
Francja
85%
Grecja
85%
Rumunia
85%
Słowenia
85%
Dania
83%
Holandia
83%
Wielka Brytania
83%
Turcja
80%
Białoruś
78%
Kazachstan
78%
Bułgaria
76%
Łotwa
74%
Węgry
72%
Chorwacja
67%
Serbia
67%
Gruzja
61%
Islandia
61%
Islandia
61%
Kirgistan
43%
Korea Południowa
41%
Andorra
35%
Nie znaleziono quizów pasujących do podanych kryteriów
Rozkład punktacji
Procent ludzi z każdym wynikiem
Percentyl według liczby udzielonych odpowiedzi
Twoja historia wyników
Nie rozwiązałeś tego quizu